000 00549nam a22002051 4500
001 2641417
005 20180213035848.0
008 780412s1965 nyua b 000 0 eng
010 _a 65021057
040 _aDLC
_cICU
_dDLC
041 _aeng
080 _a614.019 KNU
082 0 0 _a614.019 KNU
100 1 _a3
101 _aSHM
245 1 4 _aThe individual, society, and health behavior
_c[by] Andie L. Knutson.
504 _aIncludes bibliographical references.
906 _a7
_bcbc
_corignew
_du
_eocip
_f19
_gy-gencatlg
942 _2ddc
_cBK
999 _c42353
_d42353